000 00219nam a22000857a 4500
008 161228b xxu||||| |||| 00| 0 eng d
100 _92198
_aNCERT
245 _aSocial Science-Contemporkty-9
260 _aNew Delhi
_bNCERT
_c2007
999 _c5086
_d5086